Diseę y gerencie su propia empresa orientada a los TLC

Detalles Bibliográficos
Autor principal: Van Den Berghe Romero, Edgar
Formato: eBook
Lenguaje:español
Publicado: Bogot ̀: ECOE, 2012
Edición:3a ed.
Materias:
Acceso en línea:http://www.vlex.com/source/7670

MARC

LEADER 00000nam a22000007a 4500
005 20130327121047.0
007 cr|||| ||||
008 130327e2012 ck |||||s|||| 00||0 spa d
020 |a 978-958-648-780-1 
035 |a 7670 
040 |a vLex 
090 |c 4048  |d 4048 
100 1 0 |a Van Den Berghe Romero, Edgar 
245 1 0 |a Diseę y gerencie su propia empresa orientada a los TLC  |c / Edgar Van Den Berghe R.   |h [Recurso electrn̤ico] 
250 |a 3a ed. 
256 |a Servicio en ln̕ea 
260 |a Bogot ̀:  |b ECOE,   |c 2012  
300 |a 1 Recurso electrn̤ico 
506 |d vLex Global (Academic Edition, excluding Law Schools)  |d vLex Global (U.S. Academic Edition, Law Schools)  |d vLex Global (U.S. Academic Edition, excluding Law Schools)  |d vLex Global (U.S. Academic Edition, excluding Law Schools)  |d vLex Global (Academic Edition, Law Schools) 
650 0 4 |a Comercio internacional 
650 0 4 |a Administracin̤ (Marketing) 
740 |a vLex Libros (Servicio en ln̕ea) 
856 |a Acceso restringido  |u http://www.vlex.com/source/7670 
942 |c BOOK 
999 0 |a International trade